书目信息 |
| 题名: |
有机溶剂分析手册
|
|
| 作者: | 谢迪维奇 , 夫列克 著 ;吴贤徵 译 | |
| 分册: | ||
| 出版信息: | 北京 化学工业出版社 1984 |
|
| 页数: | 414页 | |
| 开本: | 21cm | |
| 丛书名: | ||
| 单 册: | ||
| 中图分类: | TQ413.2 | |
| 科图分类: | ||
| 主题词: | 溶剂 , 溶剂--生产 | |
| 电子资源: | ||
| ISBN: | ||
| 000 | 00834nam0 2200265 45 | |
| 001 | 0184011471 | |
| 005 | 20051114153929.98 | |
| 010 | @dCNY1.65 | |
| 091 | @a15063.3585 | |
| 100 | @a19950525d1984 emky0chiy0121 ea | |
| 101 | 1 | @achi@ccze |
| 102 | @aCN@b110000 | |
| 105 | @ay z 000yy | |
| 200 | 10 | @a有机溶剂分析手册@Ayou ji rong ji fen xi shou ce@f(捷)瓦茨拉夫·谢迪维奇,扬·夫列克著@F(jie)wa ci la fu·xie di wei qi,yang·fu lie ke zhu@g吴贤徵等译@Gwu xian cheng deng yi |
| 210 | @a北京@c化学工业出版社@d1984 | |
| 215 | @a414页@d21cm | |
| 606 | 0 | @a溶剂 |
| 606 | 0 | @a溶剂@x生产 |
| 690 | @aTQ413.2 | |
| 701 | 0 | @a谢迪维奇@Axie di wei qi@4著 |
| 701 | 0 | @a夫列克@Afu lie ke@4著 |
| 702 | 0 | @a吴贤徵@Awu xian cheng@4译 |
| 801 | 2 | @aCN@bNLC@c20051114 |
| 801 | 0 | @aCN@b上海图书馆@c20040518 |
| 905 | @f1@b132019@dTQ413.2@e3 | |
| 有机溶剂分析手册/(捷)瓦茨拉夫·谢迪维奇,扬·夫列克著/吴贤徵等译.-北京:化学工业出版社,1984 |
| 414页;21cm |
| ISBN :CNY1.65 |
| ● |
| 相关链接 |
|
|
|
|
正题名:有机溶剂分析手册
索取号:TQ413.2/3
 
预约/预借
| 序号 | 登录号 | 条形码 | 馆藏地/架位号 | 状态 | 备注 |
| 1 | 0132019 | 001647711 | 第三借阅区/ [索取号:TQ413.2/3] | 在馆 | |
| 2 | 0132020 | 202146542 | 密集书库/ [索取号:TQ413.2/3] | 在馆 | |
| 3 | 0132021 | 202124361 | 第二样本阅览室/ [索取号:TQ413.2/3] | 在馆 |